| 000 | 00859nmc a2200277 a 4500 | ||
|---|---|---|---|
| 003 | AR-BaBNM | ||
| 005 | 20251128202836.0 | ||
| 008 | 136019s1953 ||||||||||||||000 | spa|| | ||
| 040 | _cAR-BaBNM | ||
| 100 | 1 | _aPellegrini, Carlos | |
| 245 | 1 | 0 |
_aLa nación en marcha _bdiscursos y escritos políticos |
| 260 |
_aBuenos Aires _bJackson _c1953 |
||
| 300 | 1 | _axxviii, 254 p. | |
| 490 | 0 |
_aGrandes Escritores Argentinos _vv. 35 |
|
| 500 | 0 | _aContiene: Biografía del autor | |
| 500 | 0 | _aEstudio de Alfredo Palcos sobre "La Nación en marcha" | |
| 600 | 1 | 4 |
_aPellegrini, Carlos _d1890-1892 |
| 650 | 4 | _aHISTORIA ECONOMICA | |
| 650 | 4 | _aACUERDOS ECONOMICOS | |
| 650 | 4 | _aHISTORIA DEL DERECHO ARGENTINO | |
| 650 | 4 | _aHISTORIA INSTITUCIONAL | |
| 700 | 1 |
_aCané, Miguel _eprologuista |
|
| 800 | 1 |
_aPalcos, Alfredo _edirector |
|
| 942 | _cBK | ||
| 998 | _cisola | ||
| 999 |
_c842 _d842 |
||